000 00276nam a22001217a 4500
008 170613b xxu||||| |||| 00| 0 eng d
041 _aeng
080 _a32
100 _a19
101 _ashp
245 _aSOVIET POWER CHALLENGE FOR THE 1970
_cPOLMAR.N
942 _2udc
_cBK
999 _c17134
_d17134